#1 Hits of the 1940s (Quiz) - Statistics

General Stats
  • This quiz has been taken 297 times
  • The average score is 42 of 95
Answer Stats
Year Song Act % Correct
1944 Swinging On A Star Bing Crosby
97%
1944 I'll Be Seeing You Bing Crosby
97%
1944 I Love You Bing Crosby
97%
1943 Sunday, Monday Or Always Bing Crosby
97%
1942 White Christmas Bing Crosby
97%
1940 Only Forever Bing Crosby
97%
1946 Five Minutes More Frank Sinatra
95%
1943 That Old Black Magic Glenn Miller
73%
1942 (I've Got a Gal In) Kalamazoo Glenn Miller
73%
1942 Moonlight Cocktail Glenn Miller
73%
1942 A String of Pearls Glenn Miller
73%
1941 Elmer's Tune Glenn Miller
73%
1941 Chattanooga Choo Choo Glenn Miller
73%
1941 Song of the Volga Boatmen Glenn Miller
73%
1948 Nature Boy Nat King Cole
70%
1947 Managua, Nicaragua Freddy Martin
67%
1946 To Each His Own Freddy Martin
67%
1946 Symphony Freddy Martin
67%
1941 Piano Concerto in B Flat Freddy Martin
67%
1944 Don't Fence Me In Bing Crosby and The Andrews Sisters
64%
1945 Rum and Coca-Cola The Andrews Sisters
64%
1945 Sentimental Journey Les Brown & Doris Day
63%
1945 My Dreams Are Getting Better All The Time Les Brown & Doris Day
63%
1949 Some Enchanted Evening Perry Como
56%
1947 Chi-Baba, Chi-Baba (My Bambino Go to Sleep) Perry Como
56%
1946 Surrender Perry Como
56%
1946 Prisoner of Love Perry Como
56%
1945 Till The End Of Time Perry Como
56%
1947 Smoke! Smoke! Smoke! (That Cigarette) Tex Williams
55%
1944 I'm Making Believe The Ink Spots and Ella Fitzgerald
52%
1949 All I Want For Christmas (Is My Two Front Teeth) Spike Jones
50%
1949 Mule Train Frankie Laine
47%
1949 That Lucky Old Sun Frankie Laine
47%
1948 Mañana (Is Soon Enough For Me) Peggy Lee
47%
1944 Besame Mucho (Kiss Me Much) Jimmy Dorsey
42%
1942 Tangerine Jimmy Dorsey
42%
1941 Blue Champagne Jimmy Dorsey
42%
1941 Green Eyes (Aquellos Ojos Verdes) Jimmy Dorsey
42%
1941 Maria Elena Jimmy Dorsey
42%
1941 My Sister and I Jimmy Dorsey
42%
1941 Amapola (Pretty Little Poppy) Jimmy Dorsey
42%
1946 To Each His Own The Ink Spots
42%
1946 The Gypsy The Ink Spots
42%
1943 In the Blue of Evening Tommy Dorsey
42%
1943 There Are Such Things Tommy Dorsey
42%
1940 I'll Never Smile Again Tommy Dorsey
42%
1943 Taking A Chance On Love Benny Goodman
41%
1949 Riders in the Sky (A Cowboy Legend) Vaughn Monroe
38%
1947 Ballerina Vaughn Monroe
38%
1946 Let It Snow! Let It Snow! Let It Snow! Vaughn Monroe
38%
1945 It's Been A Long, Long Time Harry James
34%
1944 I'll Get By (As Long as I Have You) Harry James
34%
1943 I've Heard That Song Before Harry James
34%
1943 I Had the Craziest Dream Harry James
34%
1942 Sleepy Lagoon Harry James
34%
1947 Open The Door, Richard! Count Basie
33%
1948/9 Buttons and Bows Dinah Shore
33%
1944 I'll Walk Alone Dinah Shore
33%
1944 You Always Hurt The One You Love Mills Brothers
33%
1943 Paper Doll Mills Brothers
33%
1946 The Old Lamp-Lighter Sammy Kaye
33%
1946 I'm A Big Girl Now Sammy Kaye
33%
1945 Chickery Chick Sammy Kaye
33%
1941 Daddy (Papito) Sammy Kaye
33%
1946 Personality Johnny Mercer
31%
1945 On the Atchison, Topeka and the Santa Fe Johnny Mercer
31%
1940/1 Frenesi Artie Shaw
30%
1949 You're Breaking My Heart Vic Damone
30%
1944 It's Love-Love-Love Guy Lombardo
28%
1948 Woody Wood-Pecker Kay Kyser
28%
1946 Ole Buttermilk Sky Kay Kyser
28%
1942 Jingle Jangle Jingle Kay Kyser
28%
1946 To Each His Own Eddy Howard
23%
1947 (I Love You) For Sentimental Reasons The King Cole Trio
23%
1943 Comin' In On A Wing And A Prayer The Song Spinners
23%
1948 A Tree In The Meadow Margaret Whiting
22%
1947 Peg O' My Heart The Harmonicats
22%
1947 Near You Francis Craig
20%
1944 My Heart Tells Me (Should I Believe My Heart?) Glen Gray
20%
1943 Pistol Packin' Mama Al Dexter
19%
1946 Doctor, Lawyer, Indian Chief Betty Hutton
19%
1946 Rumors Are Flying Frankie Carle
19%
1946 Oh! What It Seemed to Be Frankie Carle
19%
1949 Cruising Down the River Russ Morgan
19%
1947 Heartaches Ted Weems
19%
1948 You Call Everybody Darlin Al Trace
17%
1946 I Can't Begin To Tell You Bing Crosby and Carmen Cavallaro
17%
1945 It's Been A Long, Long Time Bing Crosby and The Les Paul Trio
17%
1949 Cruising Down the River Blue Barron
17%
1943 You'll Never Know Dick Haymes
17%
1949 A Little Bird Told Me Evelyn Knight
17%
1948 Twelfth Street Rag Pee Wee Hunt
17%
1942 Blues in the Night Woody Herman
17%
1948 I'm Looking Over a Four Leaf Clover Art Mooney
16%
1947 Mam'selle Art Lund
14%
No matching quizzes found
Score Distribution
Percent of People with Each Score
Percentile by Number Answered
Your Score History
You have not taken this quiz